[Event "Julian Mazur Memorial"]
[Site "Wellington Chess Club"]
[Date "2019.08.08"]
[Round "2.2"]
[White "He, Caleb"]
[Black "Dive, Russell"]
[Result "0-1"]
[WhiteElo "1922"]
[BlackElo "2410"]

1. e4 c6 2. d4 d5 3. Nc3 dxe4 4. Nxe4 Nd7 5. Ng5 Ngf6 6. Be2 e6 7. N1f3 Bd6 8.
c3 O-O 9. Be3 c5 10. dxc5 Nxc5 11. Qc2 Qe7 12. O-O-O e5 13. Rd2 h6 14. Rhd1 Bc7
15. Bxc5 Qxc5 16. Ne4 Nxe4 17. Qxe4 Be6 18. Qxb7 Rab8 19. Qa6 Rb6 20. Qxa7 Qc6
21. Nd4 exd4 22. Bf3 Qc5 23. Rxd4 g6 24. Bd5 Bxd5 25. Rxd5 Bf4+ 26. Kb1 Rxb2+
0-1

[Event "Julian Mazur Memorial"]
[Site "Wellington Chess Club"]
[Date "2019.08.08"]
[Round "2.3"]
[White "Rossiter, Philip"]
[Black "Winter, Ryan"]
[Result "0-1"]
[WhiteElo "1886"]
[BlackElo "2087"]

1. c4 g6 2. Nc3 Bg7 3. g3 d6 4. Bg2 e5 5. Nf3 f5 6. d3 Nf6 7. Qc2 O-O 8. Rb1 c6
9. O-O Qe7 10. Bd2 d5 11. cxd5 cxd5 12. b4 e4 13. dxe4 dxe4 14. Nd4 Bd7 15.
Qb3+ Kh8 16. b5 Be8 17. Rfc1 Bf7 18. Qb4 Qd8 19. e3 Nbd7 20. a4 Ne5 21. Bf1 Rc8
22. Rd1 Nfd7 23. Be1 Qe8 24. Nb3 Nf3+ 25. Kh1 Nxe1 26. Rxd7 Qxd7 27. Nc5 Qe7
0-1

[Event "Julian Mazur Memorial"]
[Site "Wellington Chess Club"]
[Date "2019.08.08"]
[Round "2.4"]
[White "He, Paul"]
[Black "Stone, Andrew"]
[Result "1-0"]
[WhiteElo "1885"]
[BlackElo "2074"]

1. c4 Nf6 2. g3 g6 3. b3 Bg7 4. Bb2 O-O 5. Bg2 c5 6. e3 Nc6 7. Ne2 d6 8. O-O e5
9. Nbc3 Be6 10. Rc1 Qd7 11. d4 exd4 12. exd4 Bh3 13. Bxh3 Qxh3 14. Nf4 Qf5 15.
Nb5 Rad8 16. d5 Ne5 17. Bxe5 dxe5 18. Nd3 e4 19. Nxc5 Qh3 (19... a6 20. Nxb7
axb5 21. Nxd8 Rxd8 22. cxb5) 20. f3 exf3 21. Rxf3 Ng4 22. Rc2 Rde8 (22... a6
23. Nxb7 Rde8 24. N5d6 Ne3 25. Rxe3 Rxe3 26. Qf1 Qh5 27. Nc5) 23. Nd7 Ne3 (
23... Nxh2 24. Rxh2 (24. Nf6+ Bxf6 25. Rxh2 Qg4) 24... Qxd7) 24. Rxe3 Rxe3 25.
Nxf8 Bxf8 26. c5 h5 27. Qf1 Qg4 28. c6 bxc6 29. dxc6 Re8 (29... Re5 30. c7 Bc5+
31. Kh1 Qe4+ 32. Rg2 Qc6 33. h4 a6 34. Nc3) 30. Rc4 Qe6 (30... Qg5 31. c7 Bc5+
32. Nd4) 31. c7 Qb6+ (31... Rc8 32. a4 a6 33. Nd4 Qd7 34. Qc1 Bd6) 32. Qf2 Re1+
33. Kg2 Qb7+ 34. Kh3 Qc8+ 35. g4 hxg4+ 36. Kg3 Re8 37. Qxa7 $2 Qf5 38. Qf2 Qd3+
39. Kxg4 f5+ 40. Kg5 Kg7 $4 (40... Be7+ {This is what I missed} 41. Kxg6 f4+
42. Kh5 Qh3+ 43. Kg6 Qh7#) 41. Qd4+ $1 (41. c8=Q {This was what I was planning}
41... Be7+ 42. Kf4 g5+ 43. Ke5 Bf6#) 41... Qxd4 42. Rxd4 Be7+ 43. Kf4 Rh8 44.
Rd7 Kf6 45. Na7 g5+ 46. Kf3 g4+ 47. Kg2 1-0

[Event "Julian Mazur Memorial"]
[Site "Wellington Chess Club"]
[Date "2019.08.08"]
[Round "2.5"]
[White "Forster, Bill"]
[Black "Brockway, Andrew"]
[Result "1/2-1/2"]
[WhiteElo "2017"]
[BlackElo "1836"]

1. c4 e5 2. g3 Nc6 3. Bg2 f5 4. Nc3 Nf6 5. e3 g6 6. Nge2 Bg7 7. O-O O-O 8. d3
d6 9. a3 Qe7 10. b4 Nd8 11. Bb2 c6 12. Rc1 Be6 13. Qa4 Bf7 14. Rfd1 e4 15. b5
d5 16. cxd5 cxd5 17. Nb1 Ne6 18. dxe4 dxe4 19. Bc3 Rfd8 20. Bb4 Rxd1+ 21. Rxd1
Qc7 22. Bf1 Nd7 23. Rc1 Qd8 24. Qc2 Nb6 25. Rd1 Qe8 26. Nec3 Rc8 27. Qd2 Rd8
{=} 1/2-1/2

[Event "Julian Mazur Memorial"]
[Site "Wellington Chess Club"]
[Date "2019.08.08"]
[Round "2.6"]
[White "Sole, Michael"]
[Black "Mullan, Brett"]
[Result "1/2-1/2"]
[WhiteElo "2008"]
[BlackElo "1825"]

1. e4 c5 2. Nf3 g6 3. d4 Bg7 4. dxc5 Qa5+ 5. c3 Qxc5 6. Be3 Qc7 7. Qd2 Nf6 8.
Bd3 Nc6 9. Na3 a6 10. Nc2 Ng4 11. Bf4 d6 12. Ne3 Nge5 13. Be2 Nxf3+ 14. Bxf3
Be6 15. Be2 O-O 16. h4 Ne5 17. O-O Qc6 18. f3 b5 19. Rfd1 Rfe8 20. Nc2 Nc4 21.
Bxc4 Qxc4 22. Ne3 Qc5 23. Bg3 Rac8 24. Bf2 Bh6 25. Qe2 Qc6 26. Nd5 Bg7 27. Be3
f5 28. h5 fxe4 29. fxe4 Qc4 30. Qf3 Bxd5 31. exd5 Rf8 32. Qh3 Qe4 33. Bd4 Bxd4+
34. Rxd4 Qf5 35. Rg4 Rc4 36. hxg6 hxg6 37. Rxc4 Qxh3 38. gxh3 bxc4 39. Re1 Rf5
40. Rxe7 Rxd5 41. Rc7 Rd2 42. Rxc4 Rxb2 43. Ra4 Rc2 44. Rxa6 Rxc3 45. Rxd6 Kf7
1/2-1/2

[Event "Julian Mazur Memorial"]
[Site "Wellington Chess Club"]
[Date "2019.08.08"]
[Round "2.7"]
[White "Webster, Jamie"]
[Black "Jackson, Ross"]
[Result "0-1"]
[WhiteElo "1701"]
[BlackElo "1964"]

1. e4 c5 2. Nf3 e6 3. d4 cxd4 4. Nxd4 d6 5. Be2 Nf6 6. Nc3 Be7 7. Be3 O-O 8.
O-O a6 9. a4 b6 10. f3 Bb7 11. Re1 Nc6 12. Bf1 Qc7 13. Qd2 Rfc8 14. Nxc6 Bxc6
15. Bd3 d5 16. exd5 Nxd5 17. Nxd5 Bxd5 18. Qe2 Bb7 19. c4 Bd6 20. h3 a5 21.
Rec1 Bc5 22. b3 Rd8 23. Rd1 Rd7 24. Bc2 Rad8 25. Rd3 Qe5 26. Re1 Rxd3 27. Bxd3
Qc3 28. Rd1 g6 29. Bxc5 bxc5 30. Bc2 Rd4 31. Rxd4 Qxd4+ 32. Kf1 Qc3 33. Qd3
Qxd3+ 34. Bxd3 e5 35. Ke2 f5 36. g3 Kg7 37. Ke3 Kf6 38. Be2 h6 39. Bf1 g5 40.
Be2 f4+ 41. Kf2 e4 42. gxf4 gxf4 43. fxe4 Bxe4 44. Bf3 Bc2 45. Bc6 Bxb3 46. Bb5
Bd1 47. Ke1 Bf3 48. Kf2 Be4 0-1

[Event "Julian Mazur Memorial"]
[Site "Wellington Chess Club"]
[Date "2019.08.08"]
[Round "2.10"]
[White "Quayle, Jamie"]
[Black "Ker, Anthony"]
[Result "0-1"]
[WhiteElo "1683"]
[BlackElo "2451"]

1. c4 c5 2. Nc3 g6 3. g3 Bg7 4. Bg2 Nc6 5. e4 e5 6. Nge2 Nge7 7. O-O d6 8. d3
Bg4 9. h3 Be6 10. Kh2 Qd7 11. Nd5 O-O 12. Bh6 f5 13. Bxg7 Kxg7 14. f4 Nd4 15.
fxe5 dxe5 16. Nxe7 Qxe7 17. Nc3 f4 18. Nd5 Qg5 19. gxf4 exf4 20. Rf3 Qe5 21.
Rb1 g5 22. Qf1 g4 23. Rxf4 Bxd5 24. cxd5 Rxf4 25. Qxf4 Qxf4+ 26. Kh1 Ne2 27.
Re1 Qf2 28. Rxe2 Qxe2 29. hxg4 Rf8 30. d6 Rf2 31. d7 Rxg2 32. d8=Q Qf1# 0-1

[Event "Julian Mazur Memorial"]
[Site "Wellington Chess Club"]
[Date "2019.08.08"]
[Round "2.11"]
[White "Wevers, Alexis"]
[Black "Benitez, Edgar"]
[Result "0-1"]
[WhiteElo "1798"]
[BlackElo "2040"]

1. c4 e5 2. g3 f5 3. Bg2 Nf6 4. d4 exd4 5. Qxd4 Nc6 6. Qd1 Bc5 7. Nf3 O-O 8.
O-O d6 9. Nc3 Be6 10. Nd5 Ne4 11. e3 Ne5 12. b3 Ng6 13. Bb2 c6 14. Nf4 Bf7 15.
Nd4 Qd7 16. Qc2 Nxf4 17. exf4 Bg6 18. Rad1 a5 19. Bh3 Rae8 20. Rde1 Qf7 21. a3
Bb6 22. Re3 Re7 23. Rfe1 Rfe8 24. f3 Ng5 25. Rxe7 Nxh3+ 26. Kg2 Rxe7 27. Rxe7
Nxf4+ 28. gxf4 Qxe7 29. Qd3 h6 30. b4 axb4 31. axb4 c5 32. bxc5 Bxc5 33. Nb3
Bb6 34. Ba3 Bc5 35. Nxc5 dxc5 36. Qd5+ Bf7 37. Qxf5 Qe2+ 38. Kg3 Qe1+ 39. Kg2
Qe2+ 40. Kg3 Qxc4 41. Qc8+ Kh7 42. Qxb7 Bd5 43. Qb1+ Kh8 44. Qf5 Qb3 45. Qc8+
Kh7 46. Qf5+ Kg8 47. Bxc5 Qxf3+ 48. Kh4 g5+ 0-1

[Event "Julian Mazur Memorial"]
[Site "Wellington Chess Club"]
[Date "2019.08.08"]
[Round "2.12"]
[White "Sellen, Ian"]
[Black "Rabina, Romeo"]
[Result "1-0"]
[WhiteElo "2024"]
[BlackElo "1647"]

1. c4 e5 2. Nc3 Nc6 3. g3 Bc5 4. Bg2 f5 5. e3 Nf6 6. Nge2 O-O 7. O-O a6 8. d4
exd4 9. exd4 Be7 10. Nf4 b6 11. d5 Bb7 12. dxc6 Bxc6 13. Nfd5 Bd6 14. Bg5 Kh8
15. Nxb6 Bxg2 16. Kxg2 Rb8 17. Nba4 Qc8 18. Bxf6 Rxf6 19. f4 Rg6 20. c5 Be7 21.
Qf3 Bh4 22. Rf2 Qf8 23. Rd1 Be7 24. Rxd7 Bxc5 25. Nxc5 Qxc5 26. Rfd2 1-0

[Event "Julian Mazur Memorial"]
[Site "Wellington Chess Club"]
[Date "2019.08.08"]
[Round "2.13"]
[White "Hurndell, Robert"]
[Black "Chen, Wei Kai"]
[Result "0-1"]
[WhiteElo "1545"]
[BlackElo "1965"]

1. e4 e5 2. Nf3 Nc6 3. Bc4 Bc5 4. Nc3 Nf6 5. O-O d6 6. h3 h6 7. a3 Qe7 8. Re1
Bd7 9. d3 O-O-O 10. b4 Bb6 11. Nd5 Nxd5 12. exd5 Nd4 13. c3 Nf5 14. a4 a5 15.
Qb3 Kb8 16. Rb1 Bc8 17. bxa5 Bxa5 18. g4 Nh4 19. Nd4 Bb6 20. Ba6 Bxd4 21. Bxb7
Bb6 22. Bc6 Nf3+ 23. Kh1 Qh4 0-1

[Event "Julian Mazur Memorial"]
[Site "Wellington Chess Club"]
[Date "2019.08.08"]
[Round "2.14"]
[White "Stannard, Bobby"]
[Black "Winfield, Alan"]
[Result "0-1"]
[WhiteElo "1485"]
[BlackElo "1906"]

1. e4 d6 2. d4 Nf6 3. Nc3 Nbd7 4. Nf3 e5 5. dxe5 dxe5 6. Bb5 c6 7. Bc4 h6 8.
O-O Be7 9. Be3 Qc7 10. a3 Nf8 11. h3 g5 12. Nh2 Ng6 13. g3 Bxh3 14. Re1 Rg8 15.
g4 Nf4 16. f3 h5 17. Kf2 Rd8 18. Bd3 Qd7 19. Bxf4 exf4 20. Be2 Bc5+ 0-1

[Event "Julian Mazur Memorial"]
[Site "Wellington Chess Club"]
[Date "2019.08.08"]
[Round "2.15"]
[White "Dunlop, Rafe"]
[Black "Stoeveken, Peter"]
[Result "0-1"]
[WhiteElo "1246"]
[BlackElo "1827"]

1. e4 c5 2. Nf3 Nc6 3. d4 cxd4 4. Nxd4 e5 5. Nf3 Nf6 6. Nc3 Bb4 7. Bg5 Qa5 8.
Qd3 Bxc3+ 9. Qxc3 Qxc3+ 10. bxc3 Nxe4 11. c4 Nxg5 12. Nxg5 Nd4 13. Bd3 h6 14.
Ne4 O-O 15. O-O f5 16. Nd6 e4 17. c3 Ne6 18. Be2 Rf6 19. f4 Nd8 20. c5 b6 21.
Ne8 Rc6 22. cxb6 axb6 23. Rfc1 Kf8 24. Bh5 Nf7 0-1

[Event "Julian Mazur Memorial"]
[Site "Wellington Chess Club"]
[Date "2019.08.08"]
[Round "2.16"]
[White "Laking, Robert"]
[Black "Ashe, Michael"]
[Result "1-0"]
[WhiteElo "1968"]
[BlackElo "1662"]

1. d4 Nf6 2. c4 e6 3. Nc3 Bb4 4. Qc2 O-O 5. e4 d5 6. e5 Ne4 7. Bd3 c5 8. a3
cxd4 9. axb4 dxc3 10. bxc3 Nd7 11. Bxe4 dxe4 12. Qxe4 Qc7 13. Nf3 Nb6 14. c5
Nd5 15. Bd2 Bd7 16. c4 Ne7 17. Ng5 Ng6 18. f4 f6 19. exf6 Rxf6 20. O-O h6 21.
Bc3 Nxf4 22. Qh7+ Kf8 23. Qh8+ Ke7 24. Qxg7+ 1-0

[Event "Julian Mazur Memorial"]
[Site "Wellington Chess Club"]
[Date "2019.08.08"]
[Round "2.17"]
[White "Osborne, Geoff"]
[Black "Tanoi, Edward"]
[Result "0-1"]
[WhiteElo "1287"]
[BlackElo "2016"]

1. e4 c5 2. c3 Nc6 3. Nf3 d6 4. d4 cxd4 5. cxd4 a6 6. Nc3 e6 7. a3 Nf6 8. Bd3
Be7 9. O-O Qc7 10. Re1 O-O 11. h3 $6 b5 12. e5 dxe5 13. dxe5 Nd7 14. Bf4 Nc5
15. Bc2 Bb7 $6 (15... Rd8) 16. Re3 $6 (16. b4 Nd7 17. Rc1) 16... Rfd8 17. Qe2
$2 (17. Qb1) 17... Nd4 18. Nxd4 Rxd4 19. Ne4 Rad8 $1 {Black is close to
winning} 20. Bg5 $2 $19 Nxe4 $6 (20... Rxe4 $1 21. Bxe4 Bxg5 22. Rc3 Bxe4 23.
Qxe4 $19) 21. Bxe4 Bxg5 22. Bxh7+ $4 Kxh7 23. Qh5+ Bh6 24. Ree1 g6 25. Qe2 Qc6
26. f3 Rd2 27. Qf1 Qc5+ 28. Kh1 Rf2 29. Qg1 Rdd2 {closing in for the kill} 30.
Rac1 Rc2 31. Rcd1 Bd5 $6 {missing the  chance to finish with a flourish}  (
31... Rxf3 $1 32. Qxc5 Rxh3+ 33. Kg1 Rxg2+ 34. Kf1 Rh1+ 35. Qg1 Rhxg1#) 32. Rd3
{and White resigned without waiting for a reply.} 0-1

[Event "Julian Mazur Memorial"]
[Site "Wellington Chess Club"]
[Date "2019.08.08"]
[Round "2.19"]
[White "Sripathy, Boopathy"]
[Black "Van der Hoorn, Thomas"]
[Result "1-0"]
[WhiteElo "1200"]
[BlackElo "1807"]

1. e4 e5 2. Nf3 Nc6 3. d3 Bc5 4. c4 Nf6 5. Nc3 d6 6. h3 h6 7. Be2 O-O 8. Be3
Nd4 9. a3 a5 10. O-O Re8 11. Rb1 Bd7 12. Nb5 Nxb5 13. Bxc5 dxc5 14. cxb5 Bxb5
15. Qc2 b6 16. Qc3 Qd6 17. Nd2 Qd4 18. Nf3 Qxc3 19. bxc3 Ba6 20. Rfd1 Rad8 21.
c4 a4 22. Nh4 g6 23. Kh2 Rb8 24. Rb2 c6 25. Rc1 Nd7 26. Bd1 b5 27. g4 Kg7 28.
f3 Kf6 29. Rf2 Nb6 30. cxb5 cxb5 31. Rxc5 Rec8 32. Rfc2 Kg5 33. Kg3 Kf6 34. f4
exf4+ 35. Kxf4 g5+ 36. Kf3 gxh4 37. e5+ Ke6 38. Ke4 Rxc5 39. Rxc5 Rc8 40. d4
Rxc5 41. dxc5 Nc4 42. c6 Nxe5 43. c7 Bc8 44. Be2 Nc4 45. Kd4 Kd6 46. Bxc4 bxc4
47. Kxc4 Kxc7 48. Kd4 f5 1-0

[Event "Julian Mazur Memorial"]
[Site "Wellington Chess Club"]
[Date "2019.08.08"]
[Round "2.20"]
[White "Farrington, Lawrence"]
[Black "Ackroyd, William"]
[Result "0-1"]
[WhiteElo "1706"]
[BlackElo "1277"]

1. e4 c6 2. d4 d5 3. exd5 cxd5 4. c4 Nf6 5. Nc3 g6 6. Nf3 Bg7 7. h3 O-O 8. Bd3
Nc6 9. O-O b6 10. cxd5 Nxd5 11. Be4 e6 12. Nxd5 exd5 13. Bc2 Ba6 14. Re1 Nb4
15. a3 Nxc2 16. Qxc2 Rc8 17. Qd1 Re8 18. Be3 Qd7 19. Rc1 Rxc1 20. Qxc1 Rc8 21.
Qd2 f6 22. Rc1 Rc4 23. b3 Rxc1+ 24. Qxc1 Qc8 25. Qxc8+ Bxc8 26. Kf1 Bf8 27. b4
a5 28. Bd2 a4 29. Bf4 Kf7 30. Bc7 b5 31. Bb6 Bf5 32. Ke2 Bxb4 33. axb4 a3 34.
Nd2 Bc2 35. Nb3 Bxb3 36. Kd2 a2 0-1

[Event "Julian Mazur Memorial"]
[Site "Wellington Chess Club"]
[Date "2019.08.08"]
[Round "2.21"]
[White "Dixon, Hamish"]
[Black "Ebarle, Joshua"]
[Result "1-0"]
[WhiteElo "1681"]
[BlackElo "1200"]

1. e4 e5 2. Nf3 Nc6 3. Bc4 Bc5 4. O-O d6 5. c3 Bg4 6. a4 Na5 7. Ba2 Bb6 8. b4
Nf6 9. bxa5 Bxa5 10. Qb3 O-O 11. Ng5 Qe7 12. Qxb7 Rab8 13. Qa6 Bb6 14. a5 Bc5
15. Ba3 h6 16. Bxc5 dxc5 17. Nxf7 Rxf7 18. Bxf7+ Qxf7 19. Qxa7 Rb2 20. f3 Be6
21. Qxc5 Nh5 22. Qxe5 Bc4 23. Rf2 Nf4 24. Qf5 Ne2+ 25. Rxe2 Qxf5 26. exf5 Bxe2
27. d4 Ba6 28. Na3 Rb3 29. c4 c6 30. d5 cxd5 31. cxd5 Rd3 32. Nc2 Rd2 33. Nb4
Bb7 34. a6 Ba8 35. a7 Kf7 36. Rc1 Rd4 37. Rc8 Rxb4 38. Rxa8 Ra4 39. d6 Rd4 40.
Rb8 1-0

[Event "Julian Mazur Memorial"]
[Site "Wellington Chess Club"]
[Date "2019.08.08"]
[Round "2.22"]
[White "Stracy, Don"]
[Black "Asher, Bruce"]
[Result "1-0"]
[WhiteElo "1606"]
[BlackElo "1178"]

1. e4 e5 2. Nf3 Nc6 3. Bb5 Nf6 4. O-O a6 5. Ba4 Bc5 6. c3 d6 7. d4 exd4 8. cxd4
b5 9. dxc5 bxa4 10. cxd6 cxd6 11. h3 O-O 12. Nc3 Bb7 13. Re1 Ne5 14. Bf4 Re8
15. Qe2 Qa5 16. Nxe5 dxe5 17. Bd2 Rad8 18. Nd5 Qb5 19. Nxf6+ gxf6 20. Qxb5 axb5
21. Ba5 Rd4 22. f3 Kg7 23. Red1 Kg6 24. Rxd4 exd4 25. Rd1 f5 26. exf5+ Kxf5 27.
Rxd4 Re2 28. Rd2 Re3 29. Kf2 Re5 30. Bc3 Re7 31. Re2 Rxe2+ 32. Kxe2 Bd5 33. a3
Kf4 34. Kf2 h5 35. Bd2+ Kf5 36. Ke3 h4 37. Be1 Kg5 38. g4 f5 39. gxf5 Kxf5 40.
Bxh4 Be6 41. Be7 Ke5 42. h4 Bf7 43. f4+ Kf5 44. Bg5 Bg6 45. Kd4 Be8 46. Kd5
Bf7+ 47. Kd6 Be8 48. Ke7 Bg6 49. Kf8 Bh5 50. Kg7 Bg6 51. Kh6 Bf7 52. Kg7 Be8
53. Kf8 Bf7 54. Ke7 Ke4 55. Kd6 Be8 56. Kc5 Kf3 57. h5 Bxh5 58. Kxb5 Be8+ 59.
Kb4 Ke4 60. b3 axb3 61. Kxb3 Kf5 62. a4 Bxa4+ 63. Kxa4 Ke4 64. Kb5 Kf5 65. Kc6
Ke4 66. Kd6 Kf5 67. Kd5 Kg6 68. Ke6 Kh5 69. Kf7 Kg4 70. Kg6 Kf3 71. f5 Ke4 72.
f6 Ke5 73. f7 Ke6 74. f8=Q 1-0

[Event "Julian Mazur Memorial"]
[Site "Wellington Chess Club"]
[Date "2019.08.08"]
[Round "2.23"]
[White "Mulheron, Oscar"]
[Black "Kibblewhite, Daniel"]
[Result "0-1"]
[WhiteElo "1000"]
[BlackElo "1537"]

1. d4 d6 2. f3 Nf6 3. e4 e5 4. Nc3 exd4 5. Qxd4 Nc6 6. Qc4 Be6 7. Qd3 d5 8.
exd5 Nxd5 9. Qb5 Nxc3 10. bxc3 Rb8 11. Bd3 Qd5 12. Qb2 Bc5 13. c4 Qd4 14. Qb3
Qxa1 15. Ne2 Qe5 16. Bf4 Qa1+ 17. Nc1 Bd6 18. O-O Qd4+ 19. Kh1 Qxf4 20. g3 Qh6
21. Ne2 O-O 22. Qb1 Ne5 23. c5 Bxc5 24. Be4 Bc4 25. Qd1 Bxe2 26. Qd5 Bxf1 27.
Qxc5 Qc1 28. Qg1 Bg2+ 29. Kxg2 Qxg1+ 30. Kxg1 c6 31. f4 Nc4 32. Bd3 Ne3 33. Kf2
Rfe8 34. h4 Rbd8 35. Kf3 Rxd3 36. cxd3 Nc2 37. Kg4 Nb4 38. h5 Nxd3 39. f5 c5
40. Kh4 c4 41. h6 gxh6 42. Kh5 c3 43. g4 Kg7 44. g5 hxg5 45. Kxg5 c2 46. f6+
Kg8 47. Kf5 c1=Q 48. a4 Qf4# 0-1

[Event "Julian Mazur Memorial"]
[Site "Wellington Chess Club"]
[Date "2019.08.08"]
[Round "2.24"]
[White "Stannard, Lars"]
[Black "Singh, Amrit"]
[Result "1-0"]
[WhiteElo "1417"]
[BlackElo "1000"]

1. d4 h6 2. Bf4 e6 3. Nf3 Nf6 4. e3 c5 5. c3 Qb6 6. b3 Nc6 7. Bd3 cxd4 8. cxd4
Bb4+ 9. Nbd2 Nd5 10. O-O Nc3 11. Qc1 d5 12. a3 Ne4 13. axb4 Nxb4 14. Bxe4 dxe4
15. Nxe4 O-O 16. Qd2 Bd7 17. Bd6 Rfe8 18. Bxb4 Bc6 19. Ng3 Bb5 20. Rfc1 Rad8
21. Ba5 Qd6 22. Bxd8 Rxd8 23. Ne4 Qb6 24. Qa5 Qxa5 25. Rxa5 a6 26. h3 Bc6 27.
Ned2 g5 28. Ne5 Bb5 29. Ra2 Kg7 30. Rac2 f6 31. Rc7+ Kg8 32. Ng6 Bc6 33. Ne7+
Kf8 34. Nxc6 bxc6 35. R7xc6 Ra8 36. Rxe6 Kf7 37. Rcc6 Rh8 38. Rxf6+ Ke7 1-0

[Event "Julian Mazur Memorial"]
[Site "Wellington Chess Club"]
[Date "2019.08.09"]
[Round "2.8"]
[White "Lyall, Gordon"]
[Black "Carroll, Lewis"]
[Result "0-1"]
[WhiteElo "1945"]
[BlackElo "1422"]

1. Nf3 Nf6 2. g3 d5 3. Bg2 c5 4. c4 dxc4 5. Qa4+ Nc6 6. Ne5 Bd7 7. Nxd7 Qxd7 8.
Bxc6 bxc6 9. O-O h5 10. Nc3 h4 11. d3 Rc8 12. Ne4 Nxe4 13. dxe4 Qh3 14. Bf4 g5
15. Bb8 Rxb8 16. Qxc6+ Qd7 17. Qxc5 hxg3 18. Qe5 gxf2+ 19. Kh1 Qb7 $1 20. Rxf2
Qxb2 21. Qxb2 Rxb2 0-1

[Event "Julian Mazur Memorial"]
[Site "Wellington Chess Club"]
[Date "2019.08.09"]
[Round "2.9"]
[White "Nyberg, Michael"]
[Black "Shepherd, Blake"]
[Result "1-0"]
[WhiteElo "2104"]
[BlackElo "1000"]

1. e4 e6 2. d4 d5 3. Nc3 dxe4 4. Nxe4 Nd7 5. Bd3 Ngf6 6. Ne2 b6 7. O-O Bb7 8.
Bg5 Be7 9. f3 O-O 10. c3 h6 11. Bd2 Nxe4 12. Bxe4 Bxe4 13. fxe4 c5 14. Be3 Qc7
15. Rc1 e5 16. Ng3 Nf6 17. Qf3 Rad8 18. d5 c4 19. Kh1 Bc5 20. Bxh6 gxh6 21.
Qxf6 Qd6 22. Qf3 Qg6 23. Nf5 b5 24. b4 cxb3 25. axb3 b4 26. cxb4 Bxb4 27. Rc6
Bd6 28. Rxd6 Rxd6 29. Ne7+ 1-0

[Event "Julian Mazur Memorial"]
[Site "Wellington Chess Club"]
[Date "2019.08.09"]
[Round "2.18"]
[White "Nicholls, Alistair"]
[Black "Theodosiou, Andreas"]
[Result "1-0"]
[WhiteElo "1844"]
[BlackElo "1336"]

1. e4 c6 2. d4 d5 3. Nc3 Nf6 4. e5 Ne4 5. Bd3 Nxc3 6. bxc3 Be6 7. f4 g6 8. Nf3
Qa5 9. Bd2 Bh6 10. O-O Bg7 11. Nh4 Bd7 12. f5 c5 13. c4 Qb6 14. Rb1 Qc6 15. Qe2
cxd4 16. f6 Bf8 17. fxe7 Bxe7 18. Nf3 Bg4 19. h3 Bxf3 20. Qxf3 O-O 21. cxd5 Nd7
22. dxc6 1-0

[Event "Julian Mazur Memorial"]
[Site "Wellington Chess Club"]
[Date "2019.08.15"]
[Round "3.1"]
[White "Jackson, Ross"]
[Black "Croad, Nicolas"]
[Result "1/2-1/2"]
[WhiteElo "1964"]
[BlackElo "2442"]

1. d4 Nf6 2. c4 g6 3. Nc3 Bg7 4. e4 d6 5. g3 O-O 6. Bg2 Nc6 7. Nge2 Rb8 8. O-O
a6 9. b3 Na5 10. Bd2 c5 11. dxc5 dxc5 12. Bf4 Qxd1 13. Raxd1 Ra8 14. Na4 Nd7
15. Bc7 Nc6 16. Nb6 Nxb6 17. Bxb6 Bg4 18. f3 Be6 19. Bxc5 b5 20. Nf4 bxc4 21.
Nxe6 fxe6 22. bxc4 Rac8 23. Bh3 Kf7 24. Rd7 Rfe8 25. Bb6 Ne5 26. Rc7 Nxc4 27.
Rxc8 Rxc8 28. Ba7 Nd2 29. Rf2 Rc1+ 30. Bf1 Bh6 31. Kg2 Ra1 32. Bd3 Rxa2 33. f4
e5 34. Be3 exf4 35. gxf4 Ra3 36. Rxd2 e5 37. Kf3 exf4 38. Bxf4 g5 39. Be3 g4+
40. Ke2 Bf8 41. e5 Ke6 42. Bxh7 Rxe3+ 43. Kxe3 Bh6+ 44. Ke2 Bxd2 45. Kxd2 Kxe5
46. Ke3 a5 47. Bc2 a4 48. Bxa4 Kf6 49. Kf4 Kg7 50. Kg5 Kh8 51. Kh6 Kg8 1/2-1/2

[Event "Julian Mazur Memorial"]
[Site "Wellington Chess Club"]
[Date "2019.08.15"]
[Round "3.2"]
[White "Dive, Russell"]
[Black "He, Paul"]
[Result "1-0"]
[WhiteElo "2410"]
[BlackElo "1885"]

1. Nf3 c5 2. c4 Nf6 3. g3 d5 4. cxd5 Nxd5 5. Bg2 b5 6. Nc3 Nxc3 7. bxc3 Bb7 8.
O-O e6 9. a4 b4 10. cxb4 cxb4 11. Bb2 a5 12. Rc1 f6 13. e4 e5 14. d4 exd4 15.
Nxd4 Na6 16. Re1 Be7 17. e5 Bxg2 18. exf6 gxf6 19. Qh5+ Kd7 20. Qb5+ 1-0

[Event "Julian Mazur Memorial"]
[Site "Wellington Chess Club"]
[Date "2019.08.15"]
[Round "3.3"]
[White "Winter, Ryan"]
[Black "Carroll, Lewis"]
[Result "1-0"]
[WhiteElo "2087"]
[BlackElo "1422"]

1. e4 c5 2. Nf3 Nc6 3. Nc3 e6 4. g3 d5 5. Bg2 d4 6. Nb1 e5 7. d3 Be7 8. O-O h5
9. h3 Be6 10. Na3 Qd7 11. Kh2 Nf6 12. Ng5 Nh7 13. Nxe6 Qxe6 14. h4 g5 15. Qxh5
Qf6 16. Kg1 gxh4 17. f4 hxg3 18. fxe5 Qg7 19. e6 Ne5 20. Bh6 Ng5 21. Bxg7 Rxh5
22. Bxe5 Nxe6 23. Rf5 Ng5 24. Bxg3 O-O-O 25. Nb5 Rg8 26. Kf1 Nxe4 27. Bxe4 1-0

[Event "Julian Mazur Memorial"]
[Site "Wellington Chess Club"]
[Date "2019.08.15"]
[Round "3.4"]
[White "Ker, Anthony"]
[Black "Chen, Wei Kai"]
[Result "1-0"]
[WhiteElo "2451"]
[BlackElo "1965"]

1. e4 c6 2. d4 d5 3. exd5 cxd5 4. Bd3 Nf6 5. c3 Nc6 6. h3 e6 7. Nf3 Bd6 8. O-O
h6 9. Re1 O-O 10. Ne5 Re8 11. Nd2 Qc7 12. Ndf3 a6 13. a4 Na5 14. Bf4 Nc4 15.
Qc1 Nd7 16. b3 Na5 17. Rb1 f6 18. Bxh6 gxh6 19. Qxh6 Nxe5 20. dxe5 Bxe5 21.
Nxe5 fxe5 22. Re3 Re7 23. Rf3 1-0

[Event "Julian Mazur Memorial"]
[Site "Wellington Chess Club"]
[Date "2019.08.15"]
[Round "3.5"]
[White "Winfield, Alan"]
[Black "Nyberg, Michael"]
[Result "1-0"]
[WhiteElo "1906"]
[BlackElo "2104"]

1. d4 Nf6 2. Bf4 g6 3. Nc3 d5 4. Qd2 Bg7 5. f3 Bf5 6. O-O-O c6 7. g4 Be6 8. Bh6
Bxh6 9. Qxh6 Nbd7 10. Nh3 Qc7 11. Qf4 Qa5 12. Ng5 Nf8 13. Nxe6 Nxe6 14. Qe5
O-O-O 15. e4 Nd7 16. Qg3 dxe4 17. fxe4 Qg5+ 18. Kb1 Qf4 19. Qxf4 Nxf4 20. Bc4
e6 21. Rhe1 Nb6 22. Bb3 h5 23. g5 Rhf8 24. e5 a5 25. a4 Nbd5 26. Bxd5 cxd5 27.
Re3 Ng2 28. Rh3 Nf4 29. Rf3 Ng2 30. Rdf1 Rd7 31. Rh3 Rc7 32. Rf2 Ne1 33. Re3
Rc4 34. Rxe1 Rxd4 35. Nb5 Rxa4 36. Nd6+ Kd7 37. Nxf7 Rg4 38. Ref1 Re4 39. Rf6
Re2 40. h4 Rc8 41. Rc1 Rc4 42. Rxg6 Rxh4 43. Rh6 Rf2 44. Rf6 Rg2 45. g6 Rhg4
46. Rh1 Rg1+ 47. Rxg1 Rxg1+ 48. Ka2 h4 49. Rf4 h3 50. Rh4 Rxg6 51. Rxh3 Rg7 52.
Nd6 b6 53. Rb3 Rg5 54. Rxb6 Rxe5 55. Nb5 Re2 56. c3 Re4 57. Kb3 Re1 58. Rd6+
Ke7 59. Ra6 Ra1 60. Na3 e5 61. Rxa5 Ke6 62. Kc2 e4 63. b4 Ra2+ 64. Kd1 Rb2 65.
Nb5 e3 66. Nd4+ Ke5 67. Ne2 Ke4 68. Rc5 Rd2+ 69. Ke1 Ra2 70. Kd1 Rd2+ 71. Ke1
Ra2 72. Kd1 Ra1+ 73. Kc2 Ra2+ 74. Kd1 Kf3 75. Nd4+ Kf2 76. Rxd5 Ra1+ 77. Kc2
Ra2+ 78. Kb3 Rd2 79. Rf5+ Kg3 80. Rf3+ 1-0

[Event "Julian Mazur Memorial"]
[Site "Wellington Chess Club"]
[Date "2019.08.15"]
[Round "3.6"]
[White "Benitez, Edgar"]
[Black "Ross, Matt"]
[Result "1/2-1/2"]
[WhiteElo "2040"]
[BlackElo "1867"]

1. d4 Nf6 2. c4 e5 3. d5 Bc5 4. Nc3 d6 5. h3 Bf5 6. Nf3 Na6 7. a3 Qe7 8. Bg5 h6
9. Bxf6 Qxf6 10. e4 Bd7 11. Be2 Qg6 12. g4 h5 13. g5 f5 14. gxf6 Qg2 15. f7+
Kxf7 16. Rh2 Bxf2+ 17. Kd2 Qg3 18. Qf1 Qf4+ 19. Kc2 Bg3 20. Rh1 Nc5 21. Ng5+
Ke7 22. Qxf4 Bxf4 23. Rag1 Raf8 24. b4 Na4 25. Nxa4 Bxa4+ 26. Kd3 Bd7 27. Nf3
Rhg8 28. Nh4 g5 29. Nf5+ Bxf5 30. exf5 h4 31. Bg4 Kf6 32. Rg2 a5 33. b5 Rc8 34.
Rb2 Rge8 35. Ke4 Red8 36. Rd1 b6 37. a4 Rd7 38. Rdb1 Rdd8 39. Rf2 Re8 40. Rc2
Red8 41. Rf1 Re8 1/2-1/2